000 00352nam a2200145Ia 4500
003 IT-RoPAU
008 120407s9999 xx 000 0 und d
040 _aIT-RoPAU
040 _cIT-RoPAU
100 _aPasquale Di Fronzo
245 _aIl cammino del tempo. Clemente Fusero a Livio Nargi, epistolario
300 _c cm
490 _v1
942 _cBK
999 _c13131
_d13131